DRS Das Flughafen Dresden Quiz - Statistiken

Allgemein
  • Dieses Quiz wurde 36 mal gespielt
  • Das Durchschnittsergebnis liegt bei 35 aus 45
Antwortstatistiken
Frage Kachel Select % Korrekt
Der Dresdner Flughafen in heutiger Lage wurde ... eröffnet 1630 Nein
94%
Welches Großraumflugzeug landet ab und zu für das EFW B747 Nein
94%
Welches Großraumflugzeug landet ab und zu für das EFW DC-10 Nein
94%
Was ist momentan die Längste Linienroute von Dresden aus Frankfurt, Deutschland Nein
94%
Der Dresdner Flughafen in heutiger Lage wurde ... eröffnet Gar Nicht Nein
94%
Der heutige ICAO Code ist EDDC bis 1995 war er jedoch GMBH Nein
94%
Was ist momentan die Längste Linienroute von Dresden aus London, UK Nein
94%
Der heutige ICAO Code ist EDDC bis 1995 war er jedoch LSDE Nein
94%
Was ist momentan die Längste Linienroute von Dresden aus München, Deutschland Nein
94%
Der heutige ICAO Code ist EDDC bis 1995 war er jedoch SAXY Nein
94%
Der Dresdner Flughafen in heutiger Lage wurde ... eröffnet 1903 (vor Chr.) Nein
90%
Welches Großraumflugzeug landet ab und zu für das EFW A300 Nein
90%
Welches Großraumflugzeug landet ab und zu für das EFW A320 Neo XLR Nein
90%
Der Dresdner Flughafen hatte mal eine Interkontinental Route nach Mittelamerika welches Flugzeug wurde dafür genutzt Airbus A320 Neo XLR Nein
90%
Der Dresdner Flughafen hatte mal eine Interkontinental Route nach Mittelamerika welches Flugzeug wurde dafür genutzt B1 Nein
90%
Welches Großraumflugzeug landet ab und zu für das EFW B767 Nein
90%
Welches Großraumflugzeug landet ab und zu für das EFW B797 Nein
90%
Der heutige ICAO Code ist EDDC bis 1995 war er jedoch DDEE Nein
90%
Der heutige ICAO Code ist EDDC bis 1995 war er jedoch EDNT Nein
90%
Was ist momentan die Längste Linienroute von Dresden aus Kastrup, Dänemark Nein
90%
Was ist momentan die Längste Linienroute von Dresden aus Mallorca, Spanien Nein
90%
Der Dresdner Flughafen hatte mal eine Interkontinental Route nach Mittelamerika welches Flugzeug wurde dafür genutzt Wright Flyer Nein
90%
Welches Großraumflugzeug landet ab und zu für das EFW Wright Flyer Nein
90%
Der Dresdner Flughafen in heutiger Lage wurde ... eröffnet 2001 Nein
87%
Was ist momentan die Längste Linienroute von Dresden aus Athen, Griechenland Nein
87%
Der Dresdner Flughafen hatte mal eine Interkontinental Route nach Mittelamerika welches Flugzeug wurde dafür genutzt Boeing B797 Nein
87%
Der Dresdner Flughafen hatte mal eine Interkontinental Route nach Mittelamerika welches Flugzeug wurde dafür genutzt Cessna 173 Nein
87%
Der heutige ICAO Code ist EDDC bis 1995 war er jedoch DDDD Nein
87%
Der Dresdner Flughafen in heutiger Lage wurde ... eröffnet Gestern Nein
87%
Der heutige ICAO Code ist EDDC bis 1995 war er jedoch DDSX Nein
84%
Welches Großraumflugzeug landet ab und zu für das EFW Airbus Beluga Nein
81%
Der Dresdner Flughafen hatte mal eine Interkontinental Route nach Mittelamerika welches Flugzeug wurde dafür genutzt Boeing B727 Nein
81%
Der Dresdner Flughafen in heutiger Lage wurde ... eröffnet 1933 Nein
77%
Der Dresdner Flughafen in heutiger Lage wurde ... eröffnet 1945 Nein
77%
Der Dresdner Flughafen hatte mal eine Interkontinental Route nach Mittelamerika welches Flugzeug wurde dafür genutzt Airbus A300 Nein
68%
Was ist momentan die Längste Linienroute von Dresden aus Gran Canaria, Spanien Nein
68%
Welches Großraumflugzeug landet ab und zu für das EFW A380 Ja
65%
Der Dresdner Flughafen hatte mal eine Interkontinental Route nach Mittelamerika welches Flugzeug wurde dafür genutzt DC-10 Nein
65%
Der Dresdner Flughafen in heutiger Lage wurde ... eröffnet 1966 Nein
45%
Was ist momentan die Längste Linienroute von Dresden aus Hurghada, Ägypten Nein
45%
Der heutige ICAO Code ist EDDC bis 1995 war er jedoch DRSD Nein
32%
Der Dresdner Flughafen in heutiger Lage wurde ... eröffnet 1935 Ja
29%
Der Dresdner Flughafen hatte mal eine Interkontinental Route nach Mittelamerika welches Flugzeug wurde dafür genutzt Boeing B747 Ja
29%
Der heutige ICAO Code ist EDDC bis 1995 war er jedoch ETDN Ja
10%
Was ist momentan die Längste Linienroute von Dresden aus Teneriffa, Spanien Ja
10%
Keine übereinstimmenden Quizze gefunden
Verteilung der Resultate
Anzahl Personen mit jedem Resultat
Perzentil nach korrekt beantworteten Fragen
Ihre Resultats-Entwicklung
Sie haben dieses Quiz noch nicht gespielt